000
00315nam a2200121Ia 4500
005
20251222142012.0
008
251222s9999||||xx |||||||||||||| ||spa||
082
_a
242.63/J53/1984
100
_a
Jiménez, Julio
245
0
_a
El Arte de Orar:
264
_b
Centro Ignaciano de Reflexión y Ejercicios
942
_c
LIB
999
_c
10363
_d
10363